Retail park OSCAR (Record no. 118916)

MARC details
000 -LEADER
fixed length control field 01420cas a22002295a 4500
001 - CONTROL NUMBER
control field L137807
008 - FIXED-LENGTH DATA ELEMENTS--GENERAL INFORMATION
fixed length control field 110901c2006 xxkar ws ss 000 00eng d
035 ## - SYSTEM CONTROL NUMBER
System control number (Sirsi) u137807
041 0# - LANGUAGE CODE
Language code of text/sound track or separate title eng
110 2# - MAIN ENTRY--CORPORATE NAME
Corporate name or jurisdiction name as entry element Jones Lang LaSalle
9 (RLIN) 3755
245 00 - TITLE STATEMENT
Title Retail park OSCAR
Remainder of title service charge analysis for retail parks
Medium [electronic resource]
260 ## - PUBLICATION, DISTRIBUTION, ETC.
Place of publication, distribution, etc. London
Name of publisher, distributor, etc. JLL $2 006-
362 0# - DATES OF PUBLICATION AND/OR SEQUENTIAL DESIGNATION
Dates of publication and/or sequential designation 2006-
520 ## - SUMMARY, ETC.
Summary, etc. Jones Lang LaSalle's Retail Park OSCAR offers research on reconciled service charge costs and service charge budgets. Discusses service charge expenditure, identifies common influences on expenditure levels and provides comparative rates and benchmarking. The analysis adopts the expenditure codes from the RICS Code of Practice - Service Charges in Commercial Property, as these are widely adopted by the property industry. Note: Retail Park OSCAR 2008 uploaded 16/11/2009; Retail Park OSCAR 2007 uploaded 01/05/2008, and Retail Park OSCAR 2006 uploaded 05/05/2006.
554 ## -
-- Annual
590 ## - LOCAL NOTE (RLIN)
Local note KA
651 #4 - SUBJECT ADDED ENTRY--GEOGRAPHIC NAME
Geographic name United Kingdom
Chronological subdivision
690 ## - LOCAL SUBJECT ADDED ENTRY--TOPICAL TERM (OCLC, RLIN)
Topical term or geographic name as entry element PROPERTY-COMMERCIAL PROPERTY-LEASEHOLD COMMERCIAL PROPERTY-COMMERCIAL LANDLORD AND TENANT-COMMERCIAL SERVICE CHARGES
690 ## - LOCAL SUBJECT ADDED ENTRY--TOPICAL TERM (OCLC, RLIN)
Topical term or geographic name as entry element PROPERTY-COMMERCIAL PROPERTY-COMMERCIAL PROPERTY MARKET
856 40 - ELECTRONIC LOCATION AND ACCESS
Uniform Resource Identifier <a href="https://www.joneslanglasalle.co.uk/UnitedKingdom/EN-GB/Pages/ResearchFilter.aspx">https://www.joneslanglasalle.co.uk/UnitedKingdom/EN-GB/Pages/ResearchFilter.aspx</a>
Public note View the item free of charge at www.joneslanglasalle.co.uk
942 ## - ADDED ENTRY ELEMENTS (KOHA)
Suppress in OPAC 0
Holdings
Withdrawn status Lost status Source of classification or shelving scheme Damaged status Not for loan Home library Current library Shelving location Date acquired Total Checkouts Full call number Barcode Date last seen Copy number Price effective from Koha item type
    Dewey Decimal Classification     Virtual Virtual Online 01/05/2007   ONLINE PUBLICATION 137807-2001 06/08/2019 1 06/08/2019 Book